Detalles MARC
| 000 -LIDER |
| fixed length control field |
00744nam a22002417a 4500 |
| 001 - NÚMERO DE CONTROL |
| Identificador de número de control |
376144 |
| 003 - IDENTIFICACDOR DE NÚMERO DE CONTROL |
| control field |
DO-SdBNP |
| 005 - DATE AND TIME OF LATEST TRANSACTION |
| control field |
20180122111638.0 |
| 007 - CAMPOS FIJOS DE DESCRIPCIÓN FÍSICA |
| fixed length control field |
376144 |
| 008 - ELEMENTOS DE LONGITUD FIJA |
| fixed length control field |
931124s1993 sp | |||| ||spa |
| 016 7# - NO. DE CONTROL DE LA AGENCIA BIB. NACIONAL |
| Source |
BPMSU |
| 020 ## - ISBN |
| International Standard Book Number |
8481300152 |
| 040 ## - FUENTE DE CATALOGACIÓN |
| Agencia que crea de manera original el registro |
BPMSU |
| Idioma de catalogación |
spa |
| Agencia que realiza la transcripción |
BPMSU |
| 100 2# - ASIENTO PRINCIPAL -- NOMBRE PERSONAL |
| Nombre personal |
Torrente Ballester, Gonzalo |
| Fechas asociadas con el nombre |
1910-1999 |
| 245 14 - MENCIÓN DE TITULO |
| Título |
Los cuadernos de un vate vago / |
| Mención de responsabilidad |
Gonzalo Torrente Ballester |
| 260 ## - PUBLICACIÓN, DISTRIBUCIÓN, ETC. (PIE DE IMPRENTA) |
| Lugar de publicación, distribución, etc |
Barcelona : |
| Nombre del editor, distribuidor, etc. |
Primera Plana, |
| Fecha de publicación, distribución, etc |
1993 |
| 300 ## - DESCRIPCIÓN FÍSICA |
| Extensión |
96 p.: |
| Dimensiones |
21 cm |
| 490 ## - MENCIÓN DE SERIES |
| Mención de serie |
Grandes autores. Biblioteca de literatura universal |
| 830 ## - ASIENTO SECUNDARIO DE SERIE--TÍTULO UNIFORME |
| Nombre de la parte o sección de una obra |
Grandes autores. Biblioteca de literatura universal |
| Volume number/sequential designation |
10 |
| 942 ## - ADDED ENTRY ELEMENTS (KOHA) |
| Source of classification or shelving scheme |
Dewey Decimal Classification |
| Koha item type |
Libros |
| 945 ## - INFORMACIÓN DE PROCESAMIENTO LOCAL |
| Información de procesamiento local |
Inventariado,2018/MFF |
| 956 ## - LOCAL ELECTRONIC LOCATION AND ACCESS (OCLC) |
| Nombre de host |
VMATEO |
| Método de acceso |
10 |
| Materiales especificados |
20151119 |
| Enlace |
BPMSU |
| Campo enlazado y núm. de secuencia |
00151 |